|
|
|
|
| LEADER |
02745nas a22006012a 4500 |
| 001 |
001152513 |
| 003 |
CZ BrMZK |
| 005 |
20150416134800.0 |
| 006 |
m d |
| 007 |
co cg |
| 008 |
110606c20119999xr ar p cze |
| 015 |
|
|
|z cnb002189773
|
| 020 |
|
|
|a 978-80-261-0003-4
|q (CDR)
|
| 040 |
|
|
|a BOA001
|b cze
|
| 072 |
|
7 |
|a 616
|x Patologie. Klinická medicína
|2 Konspekt
|9 14
|
| 080 |
|
|
|a 616-083
|2 MRF
|
| 080 |
|
|
|a 616-083-051
|2 MRF
|
| 080 |
|
|
|a 316.77:81'42
|2 MRF
|
| 080 |
|
|
|a (062.534)
|2 MRF
|
| 080 |
|
|
|a (048.3)
|2 MRF
|
| 080 |
|
|
|a (0.034.44)
|2 MRF
|
| 111 |
2 |
|
|a Cesta poznávání a vzdělávání v ošetřovatelství
|c Plzeň, Česko)
|7 pna2011643307
|
| 245 |
1 |
0 |
|a Cesta poznávání a vzdělávání v ošetřovatelství ... :
|h [elektronický zdroj].
|b sborník abstrakt : celostátní konference pro studenty programu Ošetřovatelství a Porodní asistence, všeobecné sestry a porodní asistentky
|
| 246 |
3 |
0 |
|a Vzděláváme se navzájem
|
| 246 |
3 |
0 |
|a Máme si co říct
|
| 246 |
3 |
0 |
|a Spojujeme vzdělávání a praxi
|
| 260 |
|
|
|a Plzeň :
|b Západočeská univerzita,
|c 2011-
|
| 300 |
|
|
|a ^^^CD-ROM :
|c 12 cm
|
| 310 |
|
|
|a 1x ročně
|
| 500 |
|
|
|a Název z titulní obrazovky
|
| 500 |
|
|
|a Součástí podnáz. je označení pořadového čísla konference
|
| 500 |
|
|
|a Jednotlivá čísla mají vlastní vedlejší název
|
| 538 |
|
|
|a Požadavky na systém: neuvedeny
|
| 541 |
|
|
|c pv-cdr-r
|
| 650 |
0 |
7 |
|a ošetřovatelství
|7 ph123893
|2 czenas
|
| 650 |
0 |
7 |
|a ošetřovatelská péče
|7 ph162660
|2 czenas
|
| 650 |
0 |
7 |
|a ošetřovatelský personál
|7 ph162661
|2 czenas
|
| 650 |
0 |
7 |
|a komunikační dovednosti
|7 ph180925
|2 czenas
|
| 655 |
|
7 |
|a sborníky konferencí
|7 fd133333
|2 czenas
|
| 655 |
|
7 |
|a abstrakta
|7 fd131780
|2 czenas
|
| 655 |
|
7 |
|a CD-ROM
|7 fd133955
|2 czenas
|
| 710 |
2 |
2 |
|a Západočeská univerzita.
|b Katedra ošetřovatelství a porodní asistence
|7 zcu2009500029
|
| 902 |
|
|
|a 978-80-261-0124-6
|q (2012)
|
| 902 |
|
|
|a 978-80-261-0248-9
|q (2013)
|
| 902 |
|
|
|a 978-80-261-0363-9
|q (2014)
|
| 910 |
|
|
|a BOA001
|b CDR-1269.179
|r 2011-
|
| 952 |
|
|
|a e-xr-pl
|
| 990 |
|
|
|a SE
|
| 991 |
|
|
|b 201107
|c NOV
|e n
|
| 996 |
3 |
|
|b 2610480679
|c CDR-1269.179
|d 2011
|y 2011
|l Stud. periodik/2.patro
|r Sklad / do 1 hodiny
|n 0
|p p.v.
|w 001185499
|u 000010
|a 1
|e BOA001
|j MZK50
|s N
|
| 996 |
3 |
|
|b 2610520765
|c CDR-1269.179
|d 2012
|y 2012
|l Stud. periodik/2.patro
|r Sklad / do 1 hodiny
|n 0
|p cdr-p.v.
|w 001185499
|u 000020
|a 1
|e BOA001
|j MZK50
|s N
|
| 996 |
3 |
|
|b 2610551448
|c CDR-1269.179
|d 2013
|y 2013
|l Stud. periodik/2.patro
|r Sklad / do 1 hodiny
|n 1
|p cdr-p.v.
|w 001185499
|u 000030
|a 1
|e BOA001
|j MZK50
|s N
|
| 996 |
3 |
|
|b 2610589326
|c CDR-1269.179
|d 2014
|y 2014
|l Stud. periodik/2.patro
|r Sklad / do 1 hodiny
|n 0
|p cdr-p.v.
|w 001185499
|u 000040
|a 1
|e BOA001
|j MZK50
|s N
|